| 000 | 00761nam a22001337a 4500 | ||
|---|---|---|---|
| 008 | 110617t xxu||||| |||| 00| 0 eng d | ||
| 010 | _aCACAF58 | ||
| 245 | _aCourt of Appeal Civil Appeal No. 22OF 2000 Uganda Aluminium LTD Vs Restetuta Twinomugisha | ||
| 260 | _c2000 | ||
| 500 | _aCoram: Hon. Lady Justice L.E.M. Mukasa-Kikonyogo, DCJ Hon. Justice A. Twinomugisha, J.A Hon. Lady Justice C.N.B. Kitumba, J.A | ||
| 500 | _aAppeal from the judgement of the High Court Ntabgoba, P.J. dated 19 January 2000 in H.C.C.S No. 1031 of 1998 | ||
| 999 |
_c3228 _d3228 |
||